00490nam a22001577a 450000500170000001000150001702000260003203500130005803700130007108200110008410000160009524500980011126000410020927000560025030000260030620140630114607.0 aENG-110155 a9789382059127c695.00 aEN-93687 bDBAD/PUB a342.54 aAhuja, M.L. aIndian presidency and successive presidents /cby M.L. Ahuja ; foreworded by GVG Krishnamurty aNew DelhibSynergy Books Indiac2013 a24/4800, Ansari Road, Darya GanjbNew Delhie110002 axviii,220p.c22cm(Hb)